01087nam a22001937a 450000500170000000800410001702000180005804000070007604100080008308200230009110000210011424500360013525000120017126000300018330000290021336500630024252005510030565000370085620230324092834.0220601b ||||| |||| 00| 0 eng d a9781498770507 cAL aeng 223a660.0286bMATI aAlbert S Matlack aIntroduction to Green Chemistry a2nd ed. aNew YorkbCRC Pressc2022 axi,587p.bHBc28.5x22cm. 2Generala945b₹3116.00c₹d₹3995.00e22%f19-05-2022 aThe book covers traditional green chemistry topics, including catalysis, benign solvents, and alternative feedstocks. It also discusses relevant but less frequently covered topics with chapters such as Chemistry of Longer Wear and Population and the Environment. This coverage highlights the importance of chemistry to everyday life and demonstrates the benefits the expanded exploitation of green chemistry can have for society. Copiously illustrated with over 800 figures, this second edition provides an update from the frontiers of the field. 2TechnologyaChemical engineering